UM Logo

Charitable Donations: the role of 'cash back rewards'/ (Record no. 15956)

MARC details
000 -LEADER
fixed length control field 00664nam a2200181 4500
008 - FIXED-LENGTH DATA ELEMENTS--GENERAL INFORMATION
fixed length control field 210125b ||||| |||| 00| 0 eng d
022 ## - INTERNATIONAL STANDARD SERIAL NUMBER
International Standard Serial Number 0732-8435
082 ## - DEWEY DECIMAL CLASSIFICATION NUMBER
Classification number DPer 657.05 C33 Feb - Aug 2012, v. 82
100 ## - MAIN ENTRY--PERSONAL NAME
Personal name Bird, Bruce M.
9 (RLIN) 42810
245 ## - TITLE STATEMENT
Title Charitable Donations: the role of 'cash back rewards'/
Statement of responsibility, etc. Bruce M. Bird and three others.
260 ## - PUBLICATION, DISTRIBUTION, ETC. (IMPRINT)
Place of publication, distribution, etc. New York:
Name of publisher, distributor, etc. The New York State Society of CPA,
Date of publication, distribution, etc. ©2012.
300 ## - PHYSICAL DESCRIPTION
Extent v82 n2, pages 48-:51:
Other physical details color illustration;
Dimensions 28 cm.
650 ## - SUBJECT ADDED ENTRY--TOPICAL TERM
Topical term or geographic name as entry element Consumer credit.
9 (RLIN) 42811
700 ## - ADDED ENTRY--PERSONAL NAME
Personal name Hopper, M.
Relator term Author.
9 (RLIN) 42812
700 ## - ADDED ENTRY--PERSONAL NAME
Personal name Segal, M. A.
Relator term Author.
9 (RLIN) 42813
700 ## - ADDED ENTRY--PERSONAL NAME
Personal name Bible, L.
Relator term Author.
9 (RLIN) 42814
942 ## - ADDED ENTRY ELEMENTS (KOHA)
Source of classification or shelving scheme Dewey Decimal Classification
Koha item type Periodicals
Holdings
Withdrawn status Lost status Source of classification or shelving scheme Damaged status Not for loan Collection code Home library Current library Date acquired Total Checkouts Full call number Date last seen Price effective from Koha item type Public note
    Dewey Decimal Classification     Periodicals UM Digos College - LIC UM Digos College - LIC 01/25/2021   DPer 657.05 C33 Feb - Aug 2012, v. 82 01/25/2021 01/25/2021 Periodicals Periodical article